000 01156cam a2200181 4500500
005 20260405005209.0
041 _afre
042 _adc
100 1 0 _aBéliard, Anne-Sophie
_eauthor
700 1 0 _aFigeac, Julien
_eauthor
700 1 0 _aBideau, Laëtitia
_eauthor
245 0 0 _aThe conflictuality of controversies on social media: Tensions, self-censorship, and the transformation of public debate
260 _c2025.
500 _a9
520 _aThis article analyzes the dynamics of conflictuality structuring controversies on social media during the Covid-19 crisis. A number of mechanisms are contributing to the rise in tensions online: information overload, the transformation of debates into polarized confrontations, the influence of algorithms in radicalizing exchanges, and growing distrust of institutions. Logics of engagement, withdrawal, or self-censorship are restructuring forms of online participation, and conflictuality is becoming an ordinary mode of interaction.
786 0 _nEmpan | 140 | 4 | 2025-11-25 | p. 57-64 | 1152-3336
856 4 1 _uhttps://shs.cairn.info/journal-empan-2025-4-page-57?lang=en&redirect-ssocas=7080
999 _c2081791
_d2081791